Latent segment logit models with aggregate data

Gespeichert in:
Bibliographische Detailangaben
1. Verfasser: Trindade, Graça
Weitere Verfasser: Hill, Manuela Magalháes
Format: Buchkapitel
Sprache:Englisch
Schlagworte:
Tags: Tag hinzufügen
Keine Tags, Fügen Sie das erste Tag hinzu!

MARC

LEADER 00000naa$a2200000$$$4500
001 0020228
005 20221128114105.2
041 0 |a eng 
044 |a SK 
245 1 0 |a Latent segment logit models with aggregate data  |c Graça Trindade, Manuela Magalháes Hill 
610 2 0 |a trh 
610 2 0 |a segmentácia trhu 
610 2 0 |a modely 
610 2 0 |a dáta 
610 2 0 |a spotrebitelia 
100 1 |a Trindade, Graça 
700 1 |a Hill, Manuela Magalháes